000 00432nab a2200145Ia 4500
003 ES-SlBCS
005 20210601131743.0
008 140529s1932 xxu||||| |||| 00| 0 fre d
041 _afre
100 1 _aBardy, Gustave
_913435
245 0 0 _aDeux écrivains grecs de la Gaule
_c Gustave Bardy
650 0 4 _aEscritores Griegos
_9188612
773 0 _tVie Intelectuelle (La)
_gvol. 18, nº. 3, 1932, págs. 523-528
_wRev907
942 _cAR
999 _c568225
_d568225